<?xml version="1.0" encoding="UTF-8"?>
<record
    xmlns:xsi="http://www.w3.org/2001/XMLSchema-instance"
    xsi:schemaLocation="http://www.loc.gov/MARC21/slim http://www.loc.gov/standards/marcxml/schema/MARC21slim.xsd"
    xmlns="http://www.loc.gov/MARC21/slim">

  <leader>00788ngm a2200205 i 4500</leader>
  <controlfield tag="001">C2-0335065</controlfield>
  <controlfield tag="003">PPAK</controlfield>
  <controlfield tag="005">20180727222403.0</controlfield>
  <controlfield tag="008">151216s2013    my |||| |||||  |  vlmay d</controlfield>
  <datafield tag="040" ind1=" " ind2=" ">
    <subfield code="a">PPAK</subfield>
    <subfield code="b">eng</subfield>
    <subfield code="c">PPAK</subfield>
    <subfield code="e">rda</subfield>
  </datafield>
  <datafield tag="245" ind1="1" ind2="0">
    <subfield code="a">OMK : </subfield>
    <subfield code="b">oh mak kau!</subfield>
  </datafield>
  <datafield tag="264" ind1=" " ind2="1">
    <subfield code="a">Kuala Lumpur : </subfield>
    <subfield code="b">Golden Satellite Distribution Sdn. Bhd. , </subfield>
    <subfield code="c">2013</subfield>
  </datafield>
  <datafield tag="336" ind1=" " ind2=" ">
    <subfield code="2">rdacontent</subfield>
    <subfield code="a">text</subfield>
  </datafield>
  <datafield tag="337" ind1=" " ind2=" ">
    <subfield code="2">rdamedia</subfield>
    <subfield code="a">unmediated</subfield>
  </datafield>
  <datafield tag="338" ind1=" " ind2=" ">
    <subfield code="2">rdacarrier</subfield>
    <subfield code="a">volume</subfield>
  </datafield>
  <datafield tag="500" ind1=" " ind2=" ">
    <subfield code="a">DVD ; MPEG 2, PAL, region 3 ; Dolby Digital 5.1 ; In Malay version. ; Summary : Sam (Jep Sepahtu) dan Mun (Shuib Sepahtu) bekerja bersama ibu mereka, Mama San (Wan Maimunah) sebagai peniaga ayam di pasar. Tabiat Sam dan Mun yang suka mencur</subfield>
  </datafield>
  <datafield tag="700" ind1=" " ind2=" ">
    <subfield code="e">author</subfield>
  </datafield>
  <datafield tag="700" ind1="0" ind2=" ">
    <subfield code="a">Nurul Ain Nordin, </subfield>
    <subfield code="e">compile</subfield>
  </datafield>
  <datafield tag="942" ind1=" " ind2=" ">
    <subfield code="2">ddc</subfield>
    <subfield code="c">DVD</subfield>
  </datafield>
  <datafield tag="999" ind1=" " ind2=" ">
    <subfield code="c">167755</subfield>
    <subfield code="d">167755</subfield>
  </datafield>
  <datafield tag="952" ind1=" " ind2=" ">
    <subfield code="0">0</subfield>
    <subfield code="1">0</subfield>
    <subfield code="2">ddc</subfield>
    <subfield code="4">0</subfield>
    <subfield code="7">0</subfield>
    <subfield code="a">PPAK</subfield>
    <subfield code="b">PPAK</subfield>
    <subfield code="c">G</subfield>
    <subfield code="d">2015-12-30</subfield>
    <subfield code="e">TBCB</subfield>
    <subfield code="g">24.10</subfield>
    <subfield code="l">1</subfield>
    <subfield code="m">1</subfield>
    <subfield code="o">791.4372 SAL</subfield>
    <subfield code="p">A01480359</subfield>
    <subfield code="r">2018-10-27 00:00:00</subfield>
    <subfield code="s">2018-10-17</subfield>
    <subfield code="v">24.10</subfield>
    <subfield code="w">2018-07-05</subfield>
    <subfield code="y">DVD</subfield>
  </datafield>
</record>
